000 00235nam a2200097Ia 4500
001 683275
005 20250826161435.0
008 250824s9999 xx 000 0 und d
245 0 _aPARADOKYA II
_cCEM GÜLBENT
260 _bTİMAŞ YAYINLARI
999 _c683275
_d683275